All Kanye West Songs That Starts With Letter A. - Statistics

General Stats
  • This quiz has been taken 11 times
  • The average score is 7 of 9
Answer Stats
Album Song % Correct
The College Dropout All Falls Down
100%
Ye All Mine
90%
My Beautiful Dark Twisted Fantasy All Of The Lights
90%
Bully All The Love
90%
My Beautiful Dark Twisted Fantasy All Of The Lights (Interlude)
80%
808s & Heartbreak Amazing
80%
Late Registration Addiction
70%
Single All Day
60%
Single Alive
20%
No matching quizzes found
Score Distribution
Percent of People with Each Score
Percentile by Number Answered
Your Score History
You have not taken this quiz